000 003310000a22001450004500
003 MACL
040 _aMACL
090 _c33521
_d33519
100 _aKakani, Dr S.L.
245 _aProblems on Quantum Mechanics
260 _bArihant Publishing House
_c2001
350 _a600
650 _aQuantum Mechanics
942 _cBOOK
_k530/kak
999 _c33170
_d33170